000 00515nam a2200169Ia 4500
008 230917s9999||||xx |||||||||||||| ||und||
020 _cRS2295
040 _e254596
_aMAIN
041 _aEnglish
082 _a660.60243637 G959E
100 _aGupta, Ranjan Kumar, ed.
245 0 _aEnvironmental biotechnology: A new approach
260 _aNew Delhi
_bDaya Publishing House
_c2016
300 _axv, 398 p.
500 _a4026 05/02/2020 IBS19/271 27/02/2019 Biotechnology UGC SAP( Dr. A K Chhillar)
942 _cBK
999 _c34126
_d34126